Advanced engineering mathematics (Record no. 63536)

000 -LEADER
fixed length control field 00501nam a22001937a 4500
003 - CONTROL NUMBER IDENTIFIER
control field NUST - PNEC
005 - DATE AND TIME OF LATEST TRANSACTION
control field 20170116180816.0
008 - FIXED-LENGTH DATA ELEMENTS--GENERAL INFORMATION
fixed length control field 150525b xxu||||| |||| 00| 0 eng d
020 ## - INTERNATIONAL STANDARD BOOK NUMBER
International Standard Book Number -
040 ## - CATALOGING SOURCE
Transcribing agency LIBRARY
082 ## - DEWEY DECIMAL CLASSIFICATION NUMBER
Classification number 510 KRE
100 ## - MAIN ENTRY--PERSONAL NAME
9 (RLIN) 3692
Personal name Kreyszig, Erwin
245 ## - TITLE STATEMENT
Title Advanced engineering mathematics
Statement of responsibility, etc. Erwin Kreyszig
250 ## - EDITION STATEMENT
Edition statement 4th ed.
260 ## - PUBLICATION, DISTRIBUTION, ETC.
Place of publication, distribution, etc. New York
Name of publisher, distributor, etc. Wiley
Date of publication, distribution, etc. c1962.
300 ## - PHYSICAL DESCRIPTION
Extent 949 p. :
Dimensions 23 cm.
650 ## - SUBJECT ADDED ENTRY--TOPICAL TERM
9 (RLIN) 3693
Topical term or geographic name entry element Engineering mathematics
General subdivision ME
942 ## - ADDED ENTRY ELEMENTS (KOHA)
Source of classification or shelving scheme
Koha item type Book
Holdings
Withdrawn status Lost status Source of classification or shelving scheme Damaged status Not for loan Permanent Location Current Location Shelving location Date acquired Source of acquisition Cost, normal purchase price Total Checkouts Full call number Barcode Date last seen Cost, replacement price Price effective from Koha item type
          Pakistan Navy Engineering College (PNEC) Pakistan Navy Engineering College (PNEC)   05/27/1984 Natianal Book Foundation / Library Grant 130.00   510 KRE PNECLIB-007819 05/25/2015 130.00 05/27/1984 Book
          Pakistan Navy Engineering College (PNEC) Pakistan Navy Engineering College (PNEC)   05/27/1984 National Book Foundation/Library Grant     510 KRE PNECLIB-007783 06/22/2015   05/27/1984 Book
          Pakistan Navy Engineering College (PNEC) Pakistan Navy Engineering College (PNEC)           510 KRE PNECLIB-007790 07/30/2015     Book
          Pakistan Navy Engineering College (PNEC) Pakistan Navy Engineering College (PNEC)           510 KRE PNECLIB-007799 08/19/2015     Book
© 2023 Central Library, National University of Sciences and Technology. All Rights Reserved.